Countries that border the Mediterranean Sea - Statistics

General Stats
  • This quiz has been taken 5 times
  • The average score is 14 of 19
Answers on the Grid
Answers color-coded by a green-red scale on the quiz's grid according to % correct below.
Italy
Ukraine
Moldova
Monaco
France
Spain
Portugal
Egypt
Sudan
UK
Eritrea
Algeria
Libya
Morocco
Tunisia
Bosnie & Herzegovina
Saudi Arabia
Yemen
Albania
Croatia
Slovenia
Montenegro
Vatican City
USA
Greece
Cyprus
San Marino
Bulgaria
Turkey
Malta
 
Answer Stats
Answer % Correct
Italy
100%
Albania
80%
Algeria
80%
Croatia
80%
Cyprus
80%
France
80%
Greece
80%
Libya
80%
Malta
80%
Monaco
80%
Morocco
80%
Slovenia
80%
Spain
80%
Tunisia
80%
Egypt
60%
Montenegro
60%
Turkey
60%
Bosnie & Herzegovina
40%
Sudan
0%
No matching quizzes found
Score Distribution
Percent of People with Each Score
Percentile by Number Answered
Your Score History
You have not taken this quiz